00467nam a2200181 a 4500001001300000003000900013005001700022008004100039020001000080082001600090245004500106260003600151300000800187500003500195505001700230650001900247710001900266nice12345678IN_TiNIC20260116011845.0050524s1963 hyda grp 000 0 eng  ac10000a954.84bKHA aFarmans and Sanads of the Deccan Sultans aHyderabadbState Archivesc1963 a39p aincludes index and biblioraphy2 awith persian aDeccan-History2 aState Archives